000 00690cam a2200241 4500500
005 20260405000311.0
041 _afre
042 _adc
100 1 0 _aGrozdanovitch, Denis
_eauthor
245 0 0 _aKonrad Lorenz, le père de l’éthologie
260 _c2006.
500 _a58
690 _aAnimal
690 _aAnthropologie
690 _aDarwin
690 _aÉthologie
690 _aÊtres vivants
690 _aÉvolution
690 _aGrands Singes
690 _aHomme
786 0 _nPhilosophie magazine | 2 | 6-7 | 2006-07-01 | p. 17-17 | 1951-1787
856 4 1 _uhttps://shs.cairn.info/magazine-philosophie-magazine-2006-6-7-page-17?lang=fr&redirect-ssocas=7080
999 _c2035686
_d2035686